| 000 | 00932nam a2200229 a 4500 | ||
|---|---|---|---|
| 001 | 63629 | ||
| 003 | BD-RjUL | ||
| 005 | 20211209081222.0 | ||
| 008 | 170131s2002 ii a|||| |||| 00| d ben d | ||
| 020 |
_a8176129550 _c: Tk. 250.00 |
||
| 035 | _a(BD-RjUL)63758 | ||
| 040 |
_aBD-RjUL _bben _cBD-RjUL |
||
| 041 | _aben | ||
| 082 |
_223 _a792.095492 _bBAN 2002 |
||
| 245 | 0 | 0 |
_aবাংলাদেশের থিয়েটার / _cসম্পাদনা নৃপেন্দ্র সাহা |
| 260 |
_aকলকাতা : _bদে'জ পাবলিশিং, _c২০০২ |
||
| 300 |
_a[২০], ৪২৪ পৃ. : _bচিত্র ; _c২৩ সেমি. |
||
| 650 |
_aমঞ্চনাটক _zবাংলাদেশ _xইতিহাস _9189034 |
||
| 650 |
_aTheatre _zBangladesh _xHistory _9189035 |
||
| 700 |
_aসাহা, নৃপেন্দ্র, সম্পাদক _9189036 |
||
| 942 |
_2ddc _cBK |
||
| 999 |
_c63629 _d63629 |
||